000 00611nam a22002297a 4500
999 _c385947
_d385947
001 99762
003 UA-OsUOA
005 20200212134252.0
007 ta
008 20130515b un ||||| |||| 00| 0 ukr d
040 _aUA-OsUOA
_brus
_cUA-OsUOA
_dUA-OsUOA
041 _arus
080 _a821.161.1
090 _a821.161.1
_bС84
100 _aСтрехнин Ю.
245 _aИзбранное в двух томах
_n1
260 _aМ.
_bВоениздат
_c1989
300 _a493 с.
650 7 _a82 Література. Літературознавство
_2UDC
942 _cBK
_2udc
955 _a3